|
|
|
|
| LEADER |
00000nam0a2200000 4500 |
| 001 |
253424 |
| 005 |
20231101232837.0 |
| 010 |
|
|
|a 5335002115
|
| 035 |
|
|
|a (RuTPU)RU\TPU\book\275812
|
| 090 |
|
|
|a 253424
|
| 100 |
|
|
|a 20140313d1989 km y0rusy50 ca
|
| 101 |
0 |
|
|a rus
|
| 102 |
|
|
|a UA
|
| 105 |
|
|
|a a z 001zy
|
| 200 |
1 |
|
|a Ультразвуковое упрочнение металлов
|f А. В. Белоцкий, В. Н. Винниченко, И. М. Муха
|
| 210 |
|
|
|a Киев
|c Тэхника
|d 1989
|
| 215 |
|
|
|a 168 с.
|c ил.
|
| 320 |
|
|
|a Библиогр.: с. 157-166.
|
| 606 |
1 |
|
|a Термическая обработка металлов
|x Применение ультразвука
|2 stltpush
|3 (RuTPU)RU\TPU\subj\59863
|9 77359
|
| 610 |
1 |
|
|a металлы
|
| 610 |
1 |
|
|a ультразвуковое упрочнение
|
| 610 |
1 |
|
|a упрочняющие технологии
|
| 610 |
1 |
|
|a химико-термическая обработка
|
| 610 |
1 |
|
|a поверхностное упрочнение
|
| 610 |
1 |
|
|a материалы
|
| 610 |
1 |
|
|a диффузионная сварка
|
| 610 |
1 |
|
|a технологическое оборудование
|
| 675 |
|
|
|a 621.785:534-8
|v 3
|
| 700 |
|
1 |
|a Белоцкий
|b А. В.
|g Алексей Васильевич
|
| 701 |
|
1 |
|a Винниченко
|b В. Н.
|g Валерий Николаевич
|
| 701 |
|
1 |
|a Муха
|b И. М.
|g Иван Маркович
|
| 801 |
|
1 |
|a RU
|b 63413507
|c 20140313
|
| 801 |
|
2 |
|a RU
|b 63413507
|c 20140401
|g RCR
|
| 942 |
|
|
|c BK
|